Top 100 Boys Names Northern Ireland 2010 Quiz Stats

 Plays Quiz not verified by Sporcle

Challenge
Share
Tweet
Embed
Score 0/100 Timer 10:00
0 Plays Today
Rank Name % Correct
3James
89%
40John
88.8%
21Michael
87.6%
45David
86.4%
1Jack
85.4%
36William
85%
2Daniel
83.9%
32Patrick
82.7%
6Harry
81.7%
84Mark
81.5%
13Thomas
81.1%
4Matthew
80.9%
72Peter
79.3%
19Ben
78.3%
70Andrew
78%
22Sean
77.8%
9Adam
77.4%
63Sam
77.4%
80Robert
76.8%
17Luke
76.2%
45Alex
76%
78Christopher
76%
43Liam
75.8%
5Ryan
75.6%
25Aaron
74.2%
85Josh
71.7%
27Nathan
71.1%
43Samuel
71.1%
16Oliver
70.9%
53Alexander
70.1%
40Benjamin
68.9%
7Ethan
68.5%
14Joshua
68.5%
24Jacob
68.5%
Rank Name % Correct
29Joseph
68.3%
8Charlie
67.7%
74Connor
66.9%
95Charles
66.9%
9Conor
66.5%
58Kyle
65.7%
95Tom
63.2%
20Jake
62%
88Zac
61.8%
12Jamie
61.4%
15Dylan
60.6%
28Lucas
59.8%
11Noah
59.3%
58Aidan
59.3%
57Isaac
57.5%
73Zach
57.1%
69Oscar
56.3%
30Lewis
54.9%
18Callum
54.5%
61Rory
53.7%
79Evan
52.6%
95Niall
52.4%
50Jay
52.2%
26Alfie
52%
45Max
52%
74Ciaran
51.4%
55Logan
51.2%
34Eoin
50.4%
52Finn
50%
23Oisin
49.8%
48Caleb
48.6%
74Cameron
48%
86Shane
47.8%
100Padraig
47.2%
Rank Name % Correct
54Jayden
46.5%
70Leon
46.5%
88Mason
46.3%
50Joel
45.5%
87Eoghan
44.3%
34Tyler
43.9%
80Kai
43.7%
39Rhys
43.5%
91Archie
43.3%
37Darragh
42.1%
30Ronan
41.9%
75Reece
41.9%
80Fionn
40.4%
91Dara
40.4%
95Cody
39%
40Odhran
38%
48Jude
37.6%
66Riley
37.6%
62Cillian
37.2%
63Ollie
36.6%
55Caolan
36.2%
38Corey
36%
95Harvey
35.4%
33Shea
34.6%
58Cormac
32.3%
80Aodhan
32.3%
91Carter
31.7%
88Lorcan
31.5%
68Teirnan
30.5%
66Ruairi
29.3%
63Reuben
25.6%
91Daithi
21.7%

You're not logged in!

Compare scores with friends on all Sporcle quizzes.
Join for Free
OR
Log In

You Might Also Like...

Show Comments

Extras

Top Quizzes Today


Score Distribution

Your Account Isn't Verified!

In order to create a playlist on Sporcle, you need to verify the email address you used during registration. Go to your Sporcle Settings to finish the process.

Report this User

Report this user for behavior that violates our Community Guidelines.

Details: